000 00932nam a2200277Ia 4500
003 OSt
005 20220918170847.0
006 a|||||r|||| 00| 0
007 ta
008 220917b |||||||| |||| 00| 0 eng d
020 _a9780745696997 (pbk)
_cUSD 26.95
024 _a320,502
037 _b1314, 06/03/2017, Bright Book Service
_cTextual
040 _aARTS
_cARTS
_beng
041 _2eng
_aeng
082 _aR3xN47:g, Q7
100 _aSloterdijk Peter Au.
_931763
245 0 _aNot saved
_b essays after Heidegger
260 _aCambridge
_bPolity Press UK
_c2017
300 _axiii,288p.
_ccm.
650 _aPHILOSOPHERS; HEIDEGGER, MARTIN
700 _a Moore Alexander Tr.
_931764
700 _a Turner Christopher Tr.
_931765
942 _hR3xN47:g, Q7
_cTEXL
_2CC
999 _c136286
_d136286